[Event "Montigny le Bretonneux Noel op 20th"]
[Site "Montigny le Bretonneux"]
[Date "2019.12.29"]
[Round "6"]
[White "Appavou, Calixte"]
[Black "Verat Fayolle, Celian"]
[Result "1-0"]
[WhiteElo "1734"]
[BlackElo "1881"]
[PlyCount "85"]
[EventDate "2019.12.27"]
[EventType "swiss"]
[EventRounds "7"]
[EventCountry "FRA"]
[SourceTitle "CBM 194 Extra"]
[Source "ChessBase"]
[SourceDate "2020.03.31"]
[SourceVersion "1"]
[SourceVersionDate "2020.03.31"]
[SourceQuality "1"]

1. e4 e5 2. Bc4 Nf6 3. d3 Bc5 4. Nf3 0-0 5. 0-0 Nc6 6. Bg5 d6 7. h3 Be6 8. Nbd2 h6 9. Be3 Bb6 10. Bxb6 axb6 11. Nh2 Bxc4 12. Nxc4 d5 13. Nd2 dxe4 14. Nxe4 Nxe4 15. dxe4 Qe7 16. c3 Rfd8 17. Qe2 Qc5 18. a3 Qa5 19. Rad1 Qa4 20. Rd5 Qb3 21. Rfd1 Rxd5 22. Rxd5 Qa2 23. Ng4 Rxa3 24. Nxh6+ Kf8 25. Qf3 gxh6 26. bxa3 Qxa3 27. Rd7 Qc1+ 28. Kh2 Qf4+ 29. Qxf4 exf4 30. Rxc7 Na5 31. g3 fxg3+ 32. Kxg3 Kg7 33. Kg4 b5 34. f4 Kg6 35. f5+ Kf6 36. Kf4 Kg7 37. e5 Kg8 38. f6 Nb3 39. Kf5 Nd2 40. e6 Nc4 41. Rxc4 fxe6+ 42. Kxe6 bxc4 43. Ke7 1-0

[Event "Montigny le Bretonneux Noel op 19th"]
[Site "Montigny le Bretonneux"]
[Date "2018.12.28"]
[Round "3"]
[White "Wu, Clara"]
[Black "Appavou, Calixte"]
[Result "1-0"]
[WhiteElo "1517"]
[BlackElo "1714"]
[PlyCount "45"]
[EventDate "2018.12.26"]
[EventType "swiss"]
[EventRounds "7"]
[EventCountry "FRA"]
[SourceTitle "CBM 188 Extra"]
[Source "ChessBase"]
[SourceDate "2019.02.26"]
[SourceVersion "1"]
[SourceVersionDate "2019.02.26"]
[SourceQuality "1"]

1. d4 d5 2. c4 c6 3. Nf3 Nf6 4. Qc2 e6 5. Nbd2 Bd6 6. e4 dxe4 7. Nxe4 Nxe4 8. Qxe4 Bb4+ 9. Bd2 Bxd2+ 10. Nxd2 Nd7 11. Nf3 Qa5+ 12. Nd2 Nf6 13. Qd3 0-0 14. Be2 e5 15. 0-0 exd4 16. Nb3 Qc7 17. Qxd4 Bf5 18. Rad1 Rfd8 19. Qh4 Qe5 20. Nd4 Rxd4 21. Qxd4 Qxe2 22. Rfe1 c5 23. Qd8+ 1-0

[Event "Montigny le Bretonneux Noel op 17th"]
[Site "Montigny le Bretonneux"]
[Date "2016.12.28"]
[Round "4"]
[White "Verat Fayolle, Celian"]
[Black "Appavou, Calixte"]
[Result "1/2-1/2"]
[WhiteElo "1704"]
[BlackElo "1917"]
[PlyCount "68"]
[EventDate "2016.12.26"]
[EventType "swiss"]
[EventRounds "7"]
[EventCountry "FRA"]
[SourceTitle "CBM 176 Extra"]
[Source "ChessBase"]
[SourceDate "2017.03.02"]
[SourceVersion "1"]
[SourceVersionDate "2017.03.02"]
[SourceQuality "1"]

1. e4 c6 2. d4 d5 3. exd5 cxd5 4. c4 e6 5. Nf3 dxc4 6. Bxc4 Nf6 7. 0-0 Be7 8. Nc3 0-0 9. Re1 Nc6 10. a3 Nd5 11. Ne4 h6 12. Ne5 Nf6 13. Nxc6 bxc6 14. Nc5 Nd7 15. Be3 Nb6 16. Ba2 Nd5 17. Bxd5 cxd5 18. Rc1 Bd6 19. Qh5 Qf6 20. Nd3 Bd7 21. Ne5 Rfd8 22. Rc3 Qf5 23. Qxf5 exf5 24. Nxd7 Rxd7 25. b4 a5 26. Rb1 axb4 27. axb4 Rb7 28. b5 Rab8 29. Rcb3 Rb6 30. Kf1 Ra8 31. Bd2 Ra2 32. R1b2 Ra1+ 33. Rb1 Ra2 34. R1b2 Ra1+ 1/2-1/2

[Event "Montigny le Bretonneux 1hKO 20th"]
[Site "Montigny le Bretonneux"]
[Date "2016.05.07"]
[Round "6.2"]
[White "Appavou, Calixte"]
[Black "Talvard, Gerard"]
[Result "1/2-1/2"]
[WhiteElo "1898"]
[BlackElo "2002"]
[PlyCount "67"]
[EventDate "2016.05.05"]
[EventType "swiss"]
[EventRounds "7"]
[EventCountry "FRA"]
[SourceTitle "EXT 2024"]
[Source "ChessBase"]
[SourceDate "2023.10.10"]
[SourceVersion "1"]
[SourceVersionDate "2023.10.10"]
[SourceQuality "1"]

1. e4 c5 2. Nf3 g6 3. c3 Bg7 4. d4 cxd4 5. cxd4 d5 6. e5 Bg4 7. Be2 Nh6 8. Qb3 Nc6 9. Qxb7 Na5 10. Qb5+ Bd7 11. Qxd5 Bc6 12. Qxd8+ Rxd8 13. b4 Bxf3 14. Bxf3 Nc4 15. Be3 Nf5 16. Bc6+ Kf8 17. Be4 Nxd4 18. Nd2 Nxd2 19. Bxd2 Bxe5 20. Rd1 Kg7 21. Be3 f5 22. Bb1 f4 23. Bxd4 Rxd4 24. Rxd4 Bxd4 25. Ke2 Rc8 26. Rd1 e5 27. Bd3 g5 28. f3 h5 29. h3 Kf6 30. Rb1 Rc3 31. Rb3 Rc1 32. Rb1 Rc3 33. Rb3 g4 34. hxg4 1/2-1/2

[Event "Paris-ch op-A"]
[Site "Paris"]
[Date "2010.07.06"]
[Round "4"]
[White "Schreiner, Richard"]
[Black "Appavou, Calixte"]
[Result "1-0"]
[WhiteElo "1822"]
[BlackElo "1927"]
[PlyCount "83"]
[EventDate "2010.07.03"]
[EventType "swiss"]
[EventRounds "9"]
[EventCountry "FRA"]
[SourceTitle "CBM 137 Extra"]
[Source "ChessBase"]
[SourceDate "2010.09.01"]
[SourceVersion "1"]
[SourceVersionDate "2010.09.01"]
[SourceQuality "1"]

1. d4 d5 2. e3 Nf6 3. Bd3 Nbd7 4. f4 c5 5. c3 e6 6. Nd2 Bd6 7. Nh3 h6 8. 0-0 b6 9. Qf3 Bb7 10. Nf2 Qc7 11. Ng4 Nxg4 12. Qxg4 g5 13. g3 0-0-0 14. Qe2 gxf4 15. exf4 Rdg8 16. Qe3 h5 17. Rf2 h4 18. Rg2 Nf6 19. Nf1 hxg3 20. hxg3 Ng4 21. Qf3 f5 22. Nh2 Qh7 23. Nxg4 Qh1+ 24. Kf2 fxg4 25. Qe2 e5 26. dxe5 Rh2 27. Qf1 Rxg2+ 28. Qxg2 Qd1 29. Be2 Qc2 30. Ke1 Kd8 31. exd6 Re8 32. Bd2 Ba6 33. Rc1 Qd3 34. c4 Bxc4 35. Rxc4 Qxc4 36. b3 Qd3 37. Qh2 Kd7 38. Kf1 Qb1+ 39. Be1 Kxd6 40. Qh6+ Re6 41. Qf8+ Kd7 42. Bb5+ 1-0

[Event "Elancourt op"]
[Site "Elancourt"]
[Date "2010.04.27"]
[Round "3"]
[White "Glorieux, Francois"]
[Black "Appavou, Calixte"]
[Result "0-1"]
[WhiteElo "1399"]
[BlackElo "1902"]
[PlyCount "106"]
[EventDate "2010.04.25"]
[EventType "swiss"]
[EventRounds "9"]
[EventCountry "FRA"]
[SourceTitle "CBM 136 Extra"]
[Source "ChessBase"]
[SourceDate "2010.07.02"]
[SourceVersion "2"]
[SourceVersionDate "2010.07.15"]
[SourceQuality "1"]

1. d4 d5 2. c4 c6 3. Nc3 Nf6 4. Nf3 e6 5. Bg5 Be7 6. e3 Nbd7 7. Bd3 h6 8. Bh4 0-0 9. 0-0 dxc4 10. Bxc4 c5 11. Rc1 a6 12. Bxf6 Bxf6 13. Ne4 b5 14. Bb3 c4 15. Bc2 Nb6 16. Nxf6+ Qxf6 17. Ne5 Bb7 18. Ng4 Qe7 19. f4 f5 20. Ne5 Rf6 21. Qe2 Nd7 22. e4 Nxe5 23. dxe5 Rg6 24. Rf2 Qc5 25. Kf1 Rf8 26. Qh5 Rg4 27. exf5 Rxf4 28. Rxf4 Qe3 29. Rd1 Qxf4+ 30. Kg1 Qxe5 31. Qg6 exf5 32. Rf1 Rf6 33. Qh5 Be4 34. Bxe4 Qxe4 35. Qd1 Rg6 36. Rf2 Qg4 37. Qd5+ Kh7 38. Qxf5 Qxf5 39. Rxf5 Rd6 40. Rf2 Rd1+ 41. Rf1 Rxf1+ 42. Kxf1 Kg6 43. Ke2 Kf5 44. Kf3 a5 45. Ke3 Ke5 46. b3 Kd5 47. g3 b4 48. bxc4+ Kxc4 49. Kd2 a4 50. Kc2 Kd4 51. Kd2 Ke4 52. Ke2 g5 53. h3 h5 0-1

[Event "Montigny le Bretonneux-B 8th"]
[Site "Montigny le Bretonneux"]
[Date "2009.10.25"]
[Round "2"]
[White "Couronne, Patrice"]
[Black "Appavou, Calixte"]
[Result "1/2-1/2"]
[WhiteElo "1765"]
[BlackElo "1885"]
[PlyCount "53"]
[EventDate "2009.10.24"]
[EventType "tourn"]
[EventRounds "9"]
[EventCountry "FRA"]
[SourceTitle "EXT 2011"]
[Source "ChessBase"]
[SourceDate "2010.11.26"]
[SourceVersion "1"]
[SourceVersionDate "2010.11.26"]
[SourceQuality "1"]

1. b3 e5 2. Bb2 Nc6 3. e3 d5 4. Bb5 Bd6 5. f4 f6 6. Bxc6+ bxc6 7. fxe5 fxe5 8. Bxe5 Qh4+ 9. g3 Qe4 10. Qf3 Qxe5 11. Nc3 Nf6 12. Nge2 Bg4 13. Qg2 Bxe2 14. Qxe2 0-0 15. 0-0 d4 16. Qc4+ Kh8 17. exd4 Qg5 18. Rad1 h5 19. Qxc6 Rae8 20. Qg2 h4 21. Qh3 c5 22. Nb5 Bb8 23. Rf5 Qg6 24. Qxh4+ Kg8 25. Rxc5 Ne4 26. Rh5 Nf6 27. Rh8+ 1/2-1/2

[Event "Montigny le Bretonneux Noel op 09th"]
[Site "Montigny le Bretonneux"]
[Date "2006.12.27"]
[Round "5"]
[White "Appavou, Calixte"]
[Black "Etrog, Jonathan"]
[Result "0-1"]
[WhiteElo "1900"]
[BlackElo "2078"]
[PlyCount "54"]
[EventDate "2006.12.27"]
[EventType "swiss"]
[EventRounds "7"]
[EventCountry "FRA"]
[SourceTitle "CBM 116 Extra"]
[Source "ChessBase"]
[SourceDate "2007.03.07"]
[SourceVersion "1"]
[SourceVersionDate "2007.03.07"]
[SourceQuality "1"]

1. e4 e5 2. Nf3 Nc6 3. Nc3 Bc5 4. Bc4 d6 5. h3 Nf6 6. d3 Be6 7. Bb5 a6 8. Bxc6+ bxc6 9. 0-0 Rb8 10. d4 exd4 11. Nxd4 Bd7 12. Nb3 Bb6 13. Qe2 Qe7 14. Bg5 Qe5 15. Bh4 g5 16. Kh1 gxh4 17. f4 Qh5 18. Rf3 0-0 19. e5 Rbe8 20. Re1 Qg6 21. Qxa6 Nh5 22. Ne4 dxe5 23. Nec5 Nxf4 24. g3 Bxh3 25. Rg1 Bg2+ 26. Rxg2 Nxg2 27. Kxg2 Bxc5 0-1

[Event "Montigny le Bretonneux Noel op 09th"]
[Site "Montigny le Bretonneux"]
[Date "2006.12.27"]
[Round "7"]
[White "Appavou, Calixte"]
[Black "Koum, Rene"]
[Result "1-0"]
[WhiteElo "1900"]
[BlackElo "1793"]
[PlyCount "91"]
[EventDate "2006.12.27"]
[EventType "swiss"]
[EventRounds "7"]
[EventCountry "FRA"]
[SourceTitle "CBM 116 Extra"]
[Source "ChessBase"]
[SourceDate "2007.03.07"]
[SourceVersion "1"]
[SourceVersionDate "2007.03.07"]
[SourceQuality "1"]

1. e4 c6 2. d4 d5 3. f3 g6 4. c3 Bg7 5. Bd3 Qb6 6. Ne2 Nd7 7. a4 e5 8. a5 Qc7 9. 0-0 Ngf6 10. dxe5 Nxe5 11. Bf4 0-0 12. Na3 Qe7 13. Bxe5 Qxe5 14. f4 Qe7 15. e5 Ng4 16. Rf3 Qc5+ 17. Nd4 Qxa5 18. h3 Nh6 19. Nc4 Qc7 20. Nd6 Qb6 21. b4 Rd8 22. Nxc8 Rdxc8 23. Kh2 a6 24. Nb3 Re8 25. Nc5 Rad8 26. Qb3 Bf8 27. Na4 Qc7 28. Raf1 Re6 29. Qc2 f5 30. exf6 Rxf6 31. g4 Nf7 32. g5 Rfd6 33. Nc5 b6 34. Nxa6 Qd7 35. c4 dxc4 36. Bxc4 Kh8 37. Qb3 Rd5 38. Bxd5 Qxd5 39. Qxd5 cxd5 40. Rd3 d4 41. Rfd1 Bg7 42. Nc7 Rc8 43. Ne6 Rc4 44. Nxg7 Kxg7 45. Rxd4 Rxd4 46. Rxd4 1-0